Pokémon - Bonne orthographe (Générations 8 et 9) - Statistiques

Statistiques générales
  • Ce quiz a été pris 3 fois
  • Le résultat moyen est 23 sur 25
Statistiques - réponses
Question Réponse % Correct
Quelle est l'orthographe correcte ? Berserkatt
100%
Quelle est l'orthographe correcte ? Coiffeton
100%
Quelle est l'orthographe correcte ? Crèmy
100%
Quelle est l'orthographe correcte ? Dispareptil
100%
Quelle est l'orthographe correcte ? Dratatin
100%
Quelle est l'orthographe correcte ? Éthernatos
100%
Quelle est l'orthographe correcte ? Gigansel
100%
Quelle est l'orthographe correcte ? Grillepattes
100%
Quelle est l'orthographe correcte ? Hastacuda
100%
Quelle est l'orthographe correcte ? Krakos
100%
Quelle est l'orthographe correcte ? Lilliterelle
100%
Quelle est l'orthographe correcte ? Monthracite
100%
Quelle est l'orthographe correcte ? Pachyradjah
100%
Quelle est l'orthographe correcte ? Pohm
100%
Quelle est l'orthographe correcte ? Rampe-Ailes
100%
Quelle est l'orthographe correcte ? Sorcilence
100%
Quelle est l'orthographe correcte ? Sylveroy
100%
Quelle est l'orthographe correcte ? Tag-Tag
100%
Quelle est l'orthographe correcte ? Terapagos
100%
Quelle est l'orthographe correcte ? Tissenboule
100%
Quelle est l'orthographe correcte ? Bérasca
67%
Quelle est l'orthographe correcte ? Cerbyllin
67%
Quelle est l'orthographe correcte ? Pêchaminus
67%
Quelle est l'orthographe correcte ? Poltchageist
67%
Quelle est l'orthographe correcte ? Khélocrok
33%
Aucun quiz correspondant
Distribution des résultats
% des personnes avec chaque résultat
Percentile par nombre de réponses
Votre historique - résultats
Vous n’avez pas pris ce quiz